| 000 | 01260nam a2200289Ia 4500 | ||
|---|---|---|---|
| 003 | OSt | ||
| 005 | 20221005111548.0 | ||
| 006 | a|||||r|||| 00| 0 | ||
| 007 | ta | ||
| 008 | 221004b |||||||| |||| 00| 0 hin d | ||
| 020 |
_a8126006420 (hbk) _c500 |
||
| 024 | _a92309 | ||
| 037 |
_b524, 19/03/2009, Vani Prakashan _cTextual |
||
| 040 |
_aCRL _cCRL _bhin |
||
| 041 |
_2hin _ahin |
||
| 082 | _aO111,3N38,VL, 152N9 | ||
| 100 | _aदेशपाण्डे, शशी | ||
| 245 | 0 | _aवह लम्बी ख़ामोशी | |
| 246 | _aVah lambī kha़āmoshī | ||
| 260 |
_aनई दिल्ली _bसाहित्य अकादेमी भारत _c1999 |
||
| 300 |
_a202पृ0 _ccm. |
||
| 490 | _aसाहित्य अकादेमी द्वारा पुरस्कृत भारतीय अंग्रेज़ी उपन्यास | ||
| 650 | _aअंग्रेजी साहित्य | ||
| 700 |
_a जैन, लक्ष्मीचन्द, अनु. _9623910 |
||
| 942 |
_hO111,3N38,VL, 152N9 _cTEXL _2cc |
||
| 999 |
_c1022181 _d1022181 |
||